Visualizzazione normale
Vista MARC
- Trier Lars Von
di Personal Name
Records bibliografici associati: 1
001 - CONTROL NUMBER
- control field: 42271
003 - CONTROL NUMBER IDENTIFIER
- control field: IT-RoPau
005 - DATE AND TIME OF LATEST TRANSACTION
- control field: 20151126215225.0
008 - FIXED-LENGTH DATA ELEMENTS
- fixed length control field: 151126|| aca||aabn | a|a d
040 ## - CATALOGING SOURCE
- Original cataloging agency: IT-RoPau
- Transcribing agency: IT-RoPau
100 ## - HEADING--PERSONAL NAME
- Personal name: Trier Lars Von
- Relator term: (regista)
- Miscellaneous information: Codice regista SPICS: 50371
670 ## - SOURCE DATA FOUND
- Source citation: Work cat.: (IT-RoPau)105592: Trier Lars Von Codice regista SPICS: 50371 42267, MANDERLAY MANDERLAY (Rif. Codice opera principale : H7206)